000 00453nam a2200181Ia 4500
001 9548
005 20260306161726.0
008 260306t1987||||xx |||||||||||||| ||spa||
041 _aESP
082 _a320.5
_bL66
100 _aLipset, Seymour Martin
_eAUT
245 0 _aEl hombre político:
_blas bases sociales de la política
260 _c1987
300 _a463 páginas :
_c23 cm.
650 _aGEN
654 _aCDE
942 _cLIB
_dJUS
_fJUS
_2ddc
_n
999 _c9548
_d9548